LEADER 01345nam a2200301 i 4500 001 000000059936 003 CaOOAMICUS 005 20251212141159.0 008 040907s1996 it u000 u ita u 020 $a88-86495-34-X 040 $aSeMil$bita 100 1 $aInsolera, Manuel,$d<1951- >.$0(OLS)http://semarc/name/30516 245 13$aLa trasmutazione dell'uomo in Cristo :$bnella mistica, nella cabala e nell'alchimia /$cManuel Insolera ; prefazione di Mino Gabriele. 264 1$aRoma :$bArkeios,$c1996. 300 $a262 p. :$bill. ;$c24 cm. 490 1 $aLa via dei simboli 650 4$aCabala.$0(OLS)http://semarc/subject/3385 650 4$aMistica.$0(OLS)http://semarc/subject/1496 650 4$aAlchimia.$0(OLS)http://semarc/subject/7858 700 1 $aGabriele, Mino.$0(OLS)http://semarc/name/7350 830 3$aLa via dei simboli .$0(OLS)http://semarc/title/450 850 $aSeMil 852 $aSeMil$W1$xVenegono$y1$m3UA D 12$j262105$B26089$CSeMilBibl$Z2$F26092 $81 961 $aAcquisto: Cittą Nuova 996 $6020$a88-86495-34-X$9(OLS)http://semarc/number/35922 996 $6245$aLa trasmutazione dell'uomo in Cristo :$bnella mistica, nella cabala e nell'alchimia$9(OLS)http://semarc/title/93777 996 $6264$aRoma :$bArkeios$9(OLS)http://semarc/publisher/29795 LEADER 01248nam a2200253 i 4500 001 000000110192 003 CaOOAMICUS 005 20021123000000.0 008 021123s1989 it u000 u ita u 013 $a82873 040 $aSeMil$bita 245 13$aIl "Manifesto del partito comunista" di Marx ed Engels e il dibattito socialista tra utopia e scienza nella prima metą del 19. secolo /$cNereo Tabaroni. 260 $aTorino :$bParavia,$ccopyr. 1989. 300 $a132 p., 1 c. di ritratto. ;$c23 cm. 490 0 $aSentieri della filosofia : Autori, testi, problemi ;$v6 650 4$aSocialismo.$0(OLS)http://semarc/subject/865 650 4$aComunismo.$0(OLS)http://semarc/subject/9741 700 1 $aTabaroni, Nereo.$0(OLS)http://semarc/name/46226 830 0$aSentieri della filosofia ;$v6.$0(OLS)http://semarc/title/9790 850 $aSeMil 852 $aSeMil$W1$xVenegono$y1$m108 27 6 *$j66104$B66104$CSeMilBibl$Z2$F73137 $81 961 $aRecupero: Biblioteca Seminario Liceale 996 $6245$aIl "Manifesto del partito comunista" di Marx ed Engels e il dibattito socialista tra utopia e scienza nella prima metą del 19. secolo$9(OLS)http://semarc/title/160140 996 $6260$aTorino :$bParavia$9(OLS)http://semarc/publisher/30028